000
00208nam a22000857a 4500
008
161014b xxu||||| |||| 00| 0 eng d
100
_9
844
_a
NCERT
245
_a
Business Studies-XI
260
_a
New Delhi
_b
NCERT
_c
2007
999
_c
3494
_d
3494